Justicia Revista de derecho procesal

Detalles Bibliográficos
Formato: Desconocido
Lenguaje:español
Publicado: Barcelona : Bosch,
Materias:
Acceso en línea:Acceso restringido

MARC

LEADER 00000ny a22000003n 4500
005 20110517133638.0
008 100805c19uu9990sp qr p r 0 a0spa d
022 |a 0211-7754 
035 |a 133 
040 |a BUS  |d vLex 
080 |a 34(460)(05)(094.9) 
080 |a 343.17/.19(460)(05) 
080 |a 347.97/.99(460)(05) 
080 |a 351.87(460)(05) 
090 |c 2029  |d 2029 
245 0 0 |a Justicia  |h [Recurso electrn̤ico]  |b Revista de derecho procesal  
256 |a Servicio en ln̕ea 
260 |a Barcelona :  |b Bosch, 
310 |a Trimestral 
506 1 |a Contenido solo disponible en los productos indicados  |d vLex Global  |d vLex Global (Academic Edition, excluding Law Schools)  |d vLex Global (U.S. Academic Edition, Law Schools)  |d vLex Global (U.S. Academic Edition, excluding Law Schools)  |d vLex Global (Academic Edition, Law Schools) 
650 0 4 |a Derecho  |z Espaą  |x Publicaciones perid̤icas 
650 0 4 |a Jurisprudencia  |x Recopilaciones, repertorios, etc.   |z Espaą 
650 0 4 |a Justicia  |x Administracin̤  |z Espaą  |x Publicaciones perid̤icas 
740 0 |a vLex Revista (Servicios en ln̕ea) 
843 |a Electrn̤ica. Abierta 
853 |8 1  |i (year)  |j (month)  |k (day) 
856 4 0 |z Acceso restringido  |u http://vlex.com/source/justicia-revista-derecho-procesal-133 
942 |c REV